Parásitos en peces colombianos: (Registro nro. 7156)

Detalles MARC
000 -CABECERA
Campo de control 01148nam a2200265 a 4500
005 - FECHA Y HORA DE LA ULTIMA TRANSACCION
Campo de control 20180803165429.0
008 - ELEMENTOS DE LONGITUD FIJA—INFORMACION GENERAL
Campo de control 150210b2008 ck |||||r|||| 00| 0 spa d
020 ## - ISBN
ISBN 9789584438881
040 ## - FUENTE DE CATALOGACIÓN
Agencia catalogadora original CO-BoIAVH
Agencia transcriptora CO-BoIAVH
041 ## - IDIOMA
Código de idioma para texto/pista de sonido o título separado Español
044 ## - PAÍS DE PUBLICACIÓN
País de publicación Colombia
082 04 - NUMERO DE CLASIFICACION DECIMAL DEWEY
Número de clasificación 571.9991
Número del ítem O48p
090 ## - CLASIFICACIÓN LOCAL
Colección LB
Consecutivo 05674
100 1# - ASIENTO PRINCIPAL--NOMBRE PERSONAL
Nombre personal Olivero Verbel, Jesús
245 10 - MENCION DE TITULO
Título Parásitos en peces colombianos:
Parte restante del título están enfermando nuestros ecosistemas?
Mención de responsabilidad Jesús Olivero y Rosa Baldiris
260 ## - PUBLICACION, DISTRIBUCION, ETC. (PIE DE IMPRENTA)
Lugar de publicación, distribución, etc. Cartagena:
Nombre del editor, distribuidor, etc. Universidad de Cartagena,
Fecha de publicación, distribución, etc. 2008.
300 ## - DESCRIPCION FISICA
Extensión 120 p.
Dimensiones 28 cm.
520 ## - NOTA DE RESUMEN, ETC.
Nota de resumen El libro constituye un aporte fundamental para el desarrollo científico y académico de la Universidad de Cartagena, de la región y del país. <br/>Por la calidad del contenido y la fiabilidad de sus conclusiones, la obra enriquece el estado del arte en un tema cuyas implicaciones ambientales, sociales y económicas de salubridad humana se debaten en la actualidad.
650 ## - ASIENTO SECUNDARIO DE MATERIA - TERMINO TEMATICO
Término temático o nombre geográfico como elemento de entrada Peces
650 #4 - ASIENTO SECUNDARIO DE MATERIA - TERMINO TEMATICO
Término temático o nombre geográfico como elemento de entrada Parásitos
650 #4 - ASIENTO SECUNDARIO DE MATERIA - TERMINO TEMATICO
Término temático o nombre geográfico como elemento de entrada Patología animal
650 #4 - ASIENTO SECUNDARIO DE MATERIA - TERMINO TEMATICO
Término temático o nombre geográfico como elemento de entrada Nematodos
700 1# - ASIENTO SECUNDARIO - NOMBRE PERSONAL
Nombre personal Baldiris Avila, Rosa
942 ## - ELEMENTOS ADICIONALES (KOHA)
Tipo de ítem Libro
Sistema de clasificación Dewey Decimal Classification
Existencias
Withdrawn status Lost status Sistema de Clasificación Damaged status No para préstamo Colección Inventariado Ubicación Permanente Ubicación actual Fecha de adquisición Fuente de Valor Valor Total Checkouts Número topográfico Inventario / Código de Barras Date last seen Ejemplar Price effective from Forma de adquisición Tipo de material
    Dewey Decimal Classification     General Inventariado 2017 Bogotá Bogotá 10/02/2015 Instituto 39000.00   LB-571.9991 O48p 038678 10/02/2015 Ej. 2 10/02/2015   Libro
    Dewey Decimal Classification     General Inventariado 2017 Sala Fabio Quevedo Sala Fabio Quevedo 06/11/2009 Instituto 39000.00   LB-571.9991 O48p 027691 04/12/2012 Ej.1 04/12/2012 Donación Libro